Random Cities By Pictures - Statistics

General Stats
  • This quiz has been taken 55 times
  • The average score is 11 of 12
Answer Stats
Picture Answer % Correct
London
100%
New York City
100%
Rome
100%
San Francisco
100%
Sydney
100%
Washington D.C.
100%
Paris
96%
Rio De Janeiro
96%
Las Vegas
90%
Tokyo
83%
Vatican
79%
San Antonio
44%
No matching quizzes found
Score Distribution
Percent of People with Each Score
Percentile by Number Answered
Your Score History
You have not taken this quiz